[Event "12th World Teams Women"]
[Site "Astana KAZ"]
[Date "2019.03.13"]
[Round "8.3"]
[Board "4"]
[White "Melia, Salome"]
[Black "Ghukasyan, Siranush"]
[Result "1-0"]
[WhiteTitle "IM"]
[BlackTitle "WIM"]
[WhiteElo "2385"]
[BlackElo "2221"]
[WhiteTeam "Georgia"]
[BlackTeam "Armenia"]
[WhiteFideId "13602446"]
[BlackFideId "13300946"]
[EventDate "2019.03.05"]

1. e4 e5 2. Nf3 Nc6 3. Bc4 Bc5 4. c3 Nf6 5. d4 exd4 6. e5 d5 7. Bb5 Ne4 8. cxd4
Bb6 9. Nc3 O-O 10. Be3 Bg4 11. h3 Bh5 12. Qc2 Bg6 13. Qb3 Nxc3 14. Bxc6 bxc6 15.
Qxc3 f5 16. exf6 Qxf6 17. Ne5 Be8 18. O-O Rd8 19. b4 Qd6 20. Rfc1 h6 21. Rab1
Rf6 22. a4 a5 23. bxa5 Ba7 24. Rb7 Ra8 25. Qb2 Qd8 26. Qd2 Qc8 27. Rb3 Qd8 28.
Bf4 c5 29. dxc5 c6 30. Ng4 Re6 31. Rb7 Bh5 32. Qd4 Qf8 33. Be5 Bf7 34. f4 h5 35.
Nh2 Bb8 36. Nf3 Bxe5 37. Nxe5 Be8 38. Qd2 Rf6 39. Nd3 Bg6 40. Ne5 Be8 41. Rb4
Rxa5 42. Rb8 Ra7 43. a5 Re6 44. Nf3 Re4 45. Ng5 Ree7 46. Qd3 g6 47. Qd2 Qf5 48.
Nf3 Kg7 49. Re1 Bf7 50. Rxe7 Rxe7 51. Qd4+ Qf6 52. Qxf6+ Kxf6 53. Ne5 Ke6 54.
Nxc6 Rc7 55. a6 Rxc6 56. a7 Ra6 57. Rb6+ 1-0

[Event "12th World Teams Women"]
[Site "Astana KAZ"]
[Date "2019.03.13"]
[Round "8.4"]
[Board "1"]
[White "Karavade, Eesha"]
[Black "Muzychuk, Mariya"]
[Result "1/2-1/2"]
[WhiteTitle "IM"]
[BlackTitle "GM"]
[WhiteElo "2357"]
[BlackElo "2560"]
[WhiteTeam "India"]
[BlackTeam "Ukraine"]
[WhiteFideId "5012600"]
[BlackFideId "14114550"]
[EventDate "2019.03.05"]

1. d4 Nf6 2. c4 d6 3. Nf3 g6 4. Nc3 Bf5 5. Nh4 Bd7 6. e4 e5 7. Nf3 exd4 8. Nxd4
Bg7 9. Be2 O-O 10. O-O Nc6 11. Be3 Nxd4 12. Bxd4 Bc6 13. Re1 a5 14. Bf1 Re8 15.
f3 Nd7 16. Bxg7 Kxg7 17. Qd4+ Qf6 18. Qxf6+ Nxf6 19. Rac1 Nd7 20. b3 Nc5 21.
Red1 f5 22. exf5 gxf5 23. Ne2 Re5 24. Nf4 Rae8 25. Kf2 Kf6 26. Rc2 Re3 27. Rcd2
Kg5 28. Nh3+ Kf6 29. Nf4 Kg5 30. Nh3+ Kf6 31. Nf4 1/2-1/2

[Event "12th World Teams Women"]
[Site "Astana KAZ"]
[Date "2019.03.13"]
[Round "8.4"]
[Board "2"]
[White "Muzychuk, Anna"]
[Black "Soumya, Swaminathan"]
[Result "1-0"]
[WhiteTitle "GM"]
[BlackTitle "WGM"]
[WhiteElo "2555"]
[BlackElo "2401"]
[WhiteTeam "Ukraine"]
[BlackTeam "India"]
[WhiteFideId "14111330"]
[BlackFideId "5016193"]
[EventDate "2019.03.05"]

1. e4 c5 2. Nf3 Nc6 3. Bb5 g6 4. O-O Bg7 5. Re1 e5 6. b4 cxb4 7. a3 b3 8. cxb3
Nge7 9. Bb2 O-O 10. d4 exd4 11. Nxd4 Qb6 12. Nxc6 dxc6 13. Bxg7 Kxg7 14. Bc4 Qc5
15. Ra2 b5 16. Bf1 Be6 17. Rc2 Qe5 18. Nd2 Rfd8 19. Qc1 a5 20. Nf3 Qf6 21. Rc3
h6 22. h3 Kh7 23. Rce3 Bc8 24. Qc2 Ra7 25. Qc5 Rb7 26. Ne5 Qe6 27. Rf3 f6 28.
Nd3 Ng8 29. e5 fxe5 30. Nxe5 Rd5 31. Qc3 Rg7 32. Bd3 b4 33. axb4 axb4 34. Qa1
Qd6 35. Bxg6+ Rxg6 36. Nf7 Qf6 37. Rxf6 Rxf6 38. Re8 Rxf7 39. Rxc8 Rd2 40. Qe1
Rfd7 41. Qe4+ 1-0

[Event "12th World Teams Women"]
[Site "Astana KAZ"]
[Date "2019.03.13"]
[Round "8.4"]
[Board "3"]
[White "Padmini, Rout"]
[Black "Ushenina, Anna"]
[Result "1/2-1/2"]
[WhiteTitle "IM"]
[BlackTitle "GM"]
[WhiteElo "2332"]
[BlackElo "2443"]
[WhiteTeam "India"]
[BlackTeam "Ukraine"]
[WhiteFideId "5029295"]
[BlackFideId "14110911"]
[EventDate "2019.03.05"]

1. Nf3 d5 2. g3 g6 3. Bg2 Bg7 4. d4 c6 5. O-O Nf6 6. c3 O-O 7. Nbd2 Nbd7 8. Re1
c5 9. a4 cxd4 10. cxd4 a5 11. Nb1 Ne4 12. Nc3 Ndf6 13. Ne5 Be6 14. Qb3 Nd6 15.
Nd3 Nfe4 16. e3 Nxc3 17. bxc3 Bf5 18. Nb2 e6 19. c4 Nxc4 20. Nxc4 dxc4 21. Qxc4
e5 22. Ba3 Rc8 23. Qb3 Re8 24. e4 Bd7 25. d5 Bf8 26. Bxf8 Rxf8 27. Qxb7 Rc4 28.
Qa6 Qc7 29. Bf1 Rc2 30. Qd3 Rb8 31. Re2 Rc3 32. Qd2 Rb4 33. Ree1 Rd4 34. Qg5
Bxa4 35. h4 Kg7 36. Rac1 f6 37. Rxc3 Qxc3 38. Qc1 Qxc1 39. Rxc1 Rxe4 40. Bg2 Rd4
41. Rc7+ Kf8 42. Ra7 h5 43. Rxa5 Ke7 44. Bh3 f5 45. Ra6 Kf7 46. Ra7+ Kf8 47. Ra6
Be8 48. Bg2 Rd1+ 49. Kh2 e4 50. f3 e3 51. Re6 Re1 52. f4 e2 53. Bf3 Bb5 54. Kg2
Rd1 55. Bxe2 Bxe2 56. Rxe2 Rxd5 1/2-1/2

[Event "12th World Teams Women"]
[Site "Astana KAZ"]
[Date "2019.03.13"]
[Round "8.4"]
[Board "4"]
[White "Gaponenko, Inna"]
[Black "Kulkarni, Bhakti"]
[Result "1/2-1/2"]
[WhiteTitle "IM"]
[BlackTitle "CM"]
[WhiteElo "2427"]
[BlackElo "2322"]
[WhiteTeam "Ukraine"]
[BlackTeam "India"]
[WhiteFideId "14101181"]
[BlackFideId "5019516"]
[EventDate "2019.03.05"]

1. e4 c6 2. d4 d5 3. e5 c5 4. dxc5 e6 5. Nf3 Nc6 6. a3 Bxc5 7. Bd3 Nge7 8. b4
Bb6 9. Bb2 Ng6 10. O-O O-O 11. Re1 f6 12. exf6 gxf6 13. c4 Nf4 14. Bf1 e5 15.
Bc1 dxc4 16. Bxf4 Qxd1 17. Rxd1 exf4 18. Bxc4+ Kh8 19. Nc3 Bg4 20. Bd5 Rad8 21.
h3 Bxf3 22. Bxf3 Bd4 23. Rac1 Rfe8 24. Nb5 Bb2 25. Rb1 Nd4 26. Bxb7 Nxb5 27.
Rxd8 Rxd8 28. Rxb2 Rd1+ 29. Kh2 Nxa3 30. Ra2 Rd3 31. Re2 Rd7 32. Bc6 Rc7 33. Bd5
Nb5 34. Re8+ Kg7 35. Rg8+ Kh6 36. Rg4 Nc3 37. Bb3 Ne2 38. Bd1 f5 39. Rg8 Nd4 40.
Rd8 Rc4 41. Rd6+ Kg7 42. Rd7+ Kg6 43. Rxa7 Rxb4 44. Rd7 Rc4 45. g4 fxg3+ 46.
fxg3 Rb4 47. Kg1 Ne6 48. Rd5 Rd4 49. Rxd4 Nxd4 50. Kf2 Kf6 51. Ba4 Ke5 52. Be8
f4 53. gxf4+ Kxf4 54. Bd7 Nf3 1/2-1/2

[Event "12th World Teams Women"]
[Site "Astana KAZ"]
[Date "2019.03.13"]
[Round "8.5"]
[Board "1"]
[White "Wafa, Shahenda"]
[Black "Saduakassova, Dinara"]
[Result "0-1"]
[WhiteTitle "WGM"]
[BlackTitle "IM"]
[WhiteElo "2175"]
[BlackElo "2462"]
[WhiteTeam "Egypt"]
[BlackTeam "Kazakhstan"]
[WhiteFideId "10609962"]
[BlackFideId "13700090"]
[EventDate "2019.03.05"]

1. e4 e5 2. Nf3 Nc6 3. Bb5 a6 4. Ba4 Nge7 5. O-O g6 6. c3 Bg7 7. d4 exd4 8. cxd4
O-O 9. d5 Na5 10. Bc2 d6 11. Nbd2 b5 12. Rb1 c6 13. b4 Nc4 14. Nxc4 bxc4 15.
dxc6 Bg4 16. Bf4 Bxf3 17. gxf3 Nxc6 18. Qxd6 Nd4 19. Bd1 c3 20. Rc1 c2 21. Rxc2
Nxc2 22. Bxc2 Qc8 23. Bb3 Qh3 24. Bg3 Rac8 25. Qxa6 Rc3 26. e5 Kh8 27. Qb7 h5
28. Qe4 Rfc8 29. e6 Rc1 30. Re1 fxe6 31. Bxe6 Rxe1+ 32. Qxe1 Re8 33. Bxh3 Rxe1+
34. Kg2 Bd4 35. Bd7 Rb1 36. Bd6 Rb2 37. a4 Rxf2+ 38. Kg3 Rd2 39. Kf4 Bc3 40.
Be5+ Bxe5+ 41. Kxe5 Rxd7 42. b5 Ra7 43. Kd6 Rxa4 44. b6 Kg7 45. b7 Rb4 46. Kc7
Kf6 47. b8=Q Rxb8 48. Kxb8 Ke5 49. Kc7 Kf4 50. Kd6 h4 0-1

[Event "12th World Teams Women"]
[Site "Astana KAZ"]
[Date "2019.03.13"]
[Round "8.5"]
[Board "2"]
[White "Assaubayeva, Bibisara"]
[Black "Wafa, Shrook"]
[Result "1-0"]
[WhiteTitle "FM"]
[BlackTitle "WGM"]
[WhiteElo "2376"]
[BlackElo "2166"]
[WhiteTeam "Kazakhstan"]
[BlackTeam "Egypt"]
[WhiteFideId "13708694"]
[BlackFideId "10609970"]
[EventDate "2019.03.05"]

1. d4 Nf6 2. c4 e6 3. Nf3 Bb4+ 4. Nbd2 O-O 5. a3 Bxd2+ 6. Qxd2 b6 7. e3 Bb7 8.
Be2 Ne4 9. Qc2 f5 10. b4 d6 11. Bb2 Nd7 12. O-O Ng5 13. d5 Nxf3+ 14. Bxf3 Ne5
15. Be2 exd5 16. cxd5 Bxd5 17. Rad1 Be4 18. Qb3+ Nf7 19. f3 Bb7 20. Qc3 Qg5 21.
Rf2 Rac8 22. f4 Qg6 23. Bb5 Nh6 24. Bd7 Ng4 25. Bxc8 Rxc8 26. Rc2 Qf7 27. Rdc1
Nf6 28. Qd4 Ne4 29. Qxg7+ Qxg7 30. Bxg7 c5 31. Ba1 Kf7 32. a4 Ke6 33. a5 Bd5 34.
bxc5 bxc5 35. Rb2 c4 36. Rb5 c3 37. g4 Rg8 38. h3 h5 39. g5 Nxg5 40. fxg5 Rxg5+
41. Kf2 Rg2+ 42. Kf1 Rh2 43. Rxd5 Kxd5 44. Kg1 Rxh3 45. Rxc3 Rg3+ 46. Kf2 h4 47.
Rd3+ Ke6 48. Rd1 a6 49. Bd4 Rg4 50. Rb1 f4 51. Kf3 Rg5 52. Kxf4 Rxa5 53. Kg4 Kd5
54. Kxh4 Ke4 55. Rb6 d5 56. Kg4 Ra2 57. Re6+ Kd3 58. Kf4 a5 59. Ke5 a4 60. Kxd5
Rc2 61. Ra6 Rc4 62. Ra7 Rb4 63. Kc5 Rc4+ 64. Kb5 Rc8 65. Rxa4 Rc2 66. Bc5 Rg2
67. e4 Rg5 68. Rd4+ Ke2 69. Rd5 1-0

[Event "12th World Teams Women"]
[Site "Astana KAZ"]
[Date "2019.03.13"]
[Round "8.5"]
[Board "3"]
[White "Moaataz, Ayah"]
[Black "Nakhbayeva, Guliskhan"]
[Result "0-1"]
[WhiteTitle "WIM"]
[BlackTitle "IM"]
[WhiteElo "2036"]
[BlackElo "2295"]
[WhiteTeam "Egypt"]
[BlackTeam "Kazakhstan"]
[WhiteFideId "10615873"]
[BlackFideId "13704788"]
[EventDate "2019.03.05"]

1. c4 e5 2. g3 c6 3. d4 e4 4. Nc3 d5 5. Bg2 Bb4 6. a3 Bxc3+ 7. bxc3 Nf6 8. Bg5
O-O 9. Bxf6 Qxf6 10. e3 Nd7 11. Ne2 Nb6 12. cxd5 cxd5 13. O-O Bg4 14. h3 Bxe2
15. Qxe2 Rac8 16. a4 Rxc3 17. a5 Nc4 18. Rfb1 Qc6 19. Rc1 Nxa5 20. Qe1 Rxc1 21.
Rxc1 Nc4 22. Bf1 b5 23. Ra1 Qb6 24. Qb1 Rc8 25. Qa2 a5 26. Be2 g6 27. Bd1 a4 28.
Rb1 Qa5 29. Kg2 Kg7 30. g4 Ra8 31. Be2 a3 32. Ra1 Qc3 33. Rb1 b4 34. Bd1 Qd2 35.
Bb3 Qxa2 36. Bxa2 Rb8 37. Bxc4 dxc4 38. d5 a2 39. Rd1 c3 40. d6 c2 0-1

[Event "12th World Teams Women"]
[Site "Astana KAZ"]
[Date "2019.03.13"]
[Round "8.5"]
[Board "4"]
[White "Dauletova, Gulmira"]
[Black "Elansary, Eman"]
[Result "1/2-1/2"]
[WhiteTitle "WIM"]
[BlackTitle "WIM"]
[WhiteElo "2263"]
[BlackElo "1944"]
[WhiteTeam "Kazakhstan"]
[BlackTeam "Egypt"]
[WhiteFideId "13702971"]
[BlackFideId "10606700"]
[EventDate "2019.03.05"]

1. e4 Nf6 2. e5 Nd5 3. d4 d6 4. c4 Nb6 5. exd6 exd6 6. h3 Be7 7. Nf3 Bf5 8. Nc3
O-O 9. Be2 Nc6 10. O-O Bf6 11. Bf4 Re8 12. Rc1 a6 13. Re1 d5 14. c5 Nc4 15. Nxd5
Qxd5 16. Bxc4 Rxe1+ 17. Qxe1 Qd7 18. Rd1 Re8 19. Qd2 Kf8 20. d5 Ne5 21. Bxe5
Bxe5 22. c6 bxc6 23. Nxe5 Rxe5 24. dxc6 Qxd2 25. Rxd2 Rc5 26. Bxa6 Rxc6 27. Bb5
Rb6 28. a4 Ke7 29. f3 Be6 30. Kf2 c6 31. Be2 Rb4 32. a5 Ra4 33. b4 Rxb4 34. a6
Ra4 35. Rb2 Bc8 36. Rb6 Kd6 37. Bb5 Ra2+ 38. Kg3 Kc5 39. Rxc6+ Kxb5 40. Rxc8
Rxa6 41. Rg8 Rg6+ 42. Kf2 Kc6 43. h4 Kd6 44. g4 Ke6 45. Kg3 f5 46. g5 h6 47. Kf4
hxg5+ 48. hxg5 Kf7 49. Ra8 Rb6 50. Kxf5 Rb5+ 51. Kg4 g6 52. Ra7+ Kg8 53. Ra3
Rb4+ 54. f4 Rb1 55. Kf3 Rb4 56. Ke3 Kf7 57. Ra7+ Kg8 58. Rd7 Ra4 59. Rd4 Ra7 60.
Rd5 Kf7 61. Ke4 Re7+ 62. Kd4 Re1 63. Ra5 Rd1+ 64. Ke4 Re1+ 65. Kf3 Rf1+ 66. Ke3
Re1+ 67. Kf2 Re7 68. Kf3 Kg7 69. Re5 Rb7 70. Re6 Rb4 71. Re7+ Kf8 72. Rd7 Ra4
73. Ke3 Kg8 74. Rd4 Ra7 75. Ke4 Re7+ 76. Kd5 Kf7 77. Kd6 Re1 78. Kd5 Re7 79. Ra4
Rd7+ 80. Ke4 Re7+ 81. Kd3 Kg7 82. Re4 Rd7+ 83. Rd4 Re7 84. Rd6 Kf7 85. Rb6 Ra7
86. Rd6 Re7 87. Rf6+ Kg7 88. Rc6 Kf7 89. Kd4 Re1 90. Rf6+ Kg7 91. Kd5 Rd1+ 92.
Ke6 Re1+ 93. Kd7 Re4 94. Kd6 Re1 95. Re6 Rd1+ 96. Kc5 Kf7 97. Rf6+ Kg7 98. Rd6
Rc1+ 99. Kd5 Rd1+ 100. Kc6 Rc1+ 101. Kd7 Rc4 102. Rf6 Re4 103. Kd6 Re1 104. Kd5
Rd1+ 105. Ke4 Re1+ 106. Kd3 Re7 107. Kd4 Re1 108. Rc6 Rd1+ 109. Ke3 Re1+ 110.
Kf2 Re7 111. Kf3 Re1 112. Rc7+ Kg8 113. Rc3 1/2-1/2

[Event "12th World Teams Women"]
[Site "Astana KAZ"]
[Date "2019.03.14"]
[Round "9.1"]
[Board "1"]
[White "Muzychuk, Mariya"]
[Black "Tan, Zhongyi"]
[Result "1/2-1/2"]
[WhiteTitle "GM"]
[BlackTitle "GM"]
[WhiteElo "2560"]
[BlackElo "2513"]
[WhiteTeam "Ukraine"]
[BlackTeam "China"]
[WhiteFideId "14114550"]
[BlackFideId "8603642"]
[EventDate "2019.03.05"]

1. e4 e5 2. Nf3 Nc6 3. Bb5 Nf6 4. O-O Nxe4 5. Re1 Nd6 6. Nxe5 Be7 7. Bf1 Nxe5 8.
Rxe5 O-O 9. d4 Bf6 10. Re1 Re8 11. Rxe8+ Nxe8 12. d5 d6 13. Nd2 Bg5 14. Ne4 Bxc1
15. Rxc1 Qh4 16. Qf3 Qg4 17. Qxg4 Bxg4 18. c4 b6 19. Bd3 Bf5 20. f3 Bxe4 21.
Bxe4 Nf6 22. Bd3 Re8 23. Kf2 g6 24. Re1 Rxe1 25. Kxe1 Nd7 26. Kd2 Kg7 27. Kc3
Kf6 28. Kd4 Ne5 29. Be4 h5 30. f4 Nd7 31. h4 a5 32. b3 Ke7 33. a3 Nf6 34. Bf3
Ne8 35. b4 axb4 36. axb4 Ng7 37. g4 hxg4 38. Bxg4 Kf6 39. Ke4 Nf5 40. Bxf5 gxf5+ 1/2-1/2

[Event "12th World Teams Women"]
[Site "Astana KAZ"]
[Date "2019.03.14"]
[Round "9.1"]
[Board "2"]
[White "Shen, Yang"]
[Black "Muzychuk, Anna"]
[Result "1-0"]
[WhiteTitle "IM"]
[BlackTitle "GM"]
[WhiteElo "2453"]
[BlackElo "2555"]
[WhiteTeam "China"]
[BlackTeam "Ukraine"]
[WhiteFideId "8603162"]
[BlackFideId "14111330"]
[EventDate "2019.03.05"]

1. d4 f5 2. g3 Nf6 3. Bg2 g6 4. Nf3 Bg7 5. O-O O-O 6. b3 d6 7. Bb2 Ne4 8. c4 Nc6
9. Nc3 Nxc3 10. Bxc3 e5 11. dxe5 dxe5 12. Qd5+ Kh8 13. Qxd8 Rxd8 14. Ng5 Re8 15.
Bxc6 bxc6 16. Rfd1 Kg8 17. Rd2 h6 18. Nf3 a5 19. Rad1 Bf6 20. Ne1 Kf7 21. f4 e4
22. Bxf6 Kxf6 23. Nc2 Be6 24. Nd4 Ra6 25. Nxe6 Kxe6 26. Rd7 Re7 27. Rd8 a4 28.
b4 a3 29. c5 Ra4 30. R1d4 Kf7 31. Rc8 Ke6 32. Kf2 Rd7 33. Re8+ Kf7 34. Rexe4
Rxd4 35. Rxd4 Ke7 36. Kf3 h5 37. h3 Ra8 38. Rd3 Ke6 39. e4 fxe4+ 40. Kxe4 Rb8
41. Rb3 Kf6 42. Kd4 h4 43. gxh4 Kf5 44. Kc4 Re8 45. Rf3 1-0

[Event "12th World Teams Women"]
[Site "Astana KAZ"]
[Date "2019.03.14"]
[Round "9.1"]
[Board "4"]
[White "Ding, Yixin"]
[Black "Gaponenko, Inna"]
[Result "1-0"]
[WhiteTitle "WGM"]
[BlackTitle "IM"]
[WhiteElo "2432"]
[BlackElo "2427"]
[WhiteTeam "China"]
[BlackTeam "Ukraine"]
[WhiteFideId "8602972"]
[BlackFideId "14101181"]
[EventDate "2019.03.05"]

1. e4 c5 2. Nf3 Nc6 3. Nc3 g6 4. d4 cxd4 5. Nxd4 Bg7 6. Be3 Nf6 7. Bc4 O-O 8.
Bb3 d6 9. h3 Na5 10. O-O b6 11. Re1 Nxb3 12. axb3 Bb7 13. Bg5 h6 14. Bh4 a6 15.
Nd5 e6 16. Nxf6+ Bxf6 17. Bxf6 Qxf6 18. c4 Rac8 19. Qd3 Qg5 20. Rad1 Rfd8 21.
Re3 Qc5 22. Rg3 Qe5 23. Re1 Kg7 24. Qc3 Kh7 25. Kh1 Rd7 26. Qd2 b5 27. f4 Qh5
28. Nf3 Rcc7 29. Rg4 Qc5 30. Rh4 h5 31. Ng5+ Kg8 32. f5 exf5 33. exf5 Re7 34.
Rxe7 Rxe7 35. fxg6 fxg6 36. Rd4 Qf5 37. Rxd6 h4 38. Rd8+ Kg7 39. Qd4+ Re5 40.
Qd7+ Kh6 41. Nf7+ 1-0

[Event "12th World Teams Women"]
[Site "Astana KAZ"]
[Date "2019.03.14"]
[Round "9.2"]
[Board "1"]
[White "Khotenashvili, Bela"]
[Black "Lagno, Kateryna"]
[Result "1/2-1/2"]
[WhiteTitle "GM"]
[BlackTitle "GM"]
[WhiteElo "2474"]
[BlackElo "2559"]
[WhiteTeam "Georgia"]
[BlackTeam "Russia"]
[WhiteFideId "13602640"]
[BlackFideId "14109336"]
[EventDate "2019.03.05"]

1. d4 Nf6 2. c4 g6 3. Nc3 d5 4. Nf3 Bg7 5. h4 c6 6. Bg5 Ne4 7. e3 Qa5 8. Qb3 Nd7
9. Be2 Ndc5 10. Qc2 Bf5 11. Qc1 Na4 12. O-O Naxc3 13. bxc3 Nxc3 14. Qd2 Nxe2+
15. Qxe2 h6 16. Bf4 O-O 17. c5 Bg4 18. Rab1 b5 19. cxb6 axb6 20. Bc7 Qxa2 21.
Qxa2 Rxa2 22. Rxb6 Bxf3 23. gxf3 Rc2 24. Rfb1 Bf6 25. Bg3 Kg7 26. Rb7 Rc8 27.
Rd7 c5 28. Rxd5 cxd4 29. e4 R8c5 30. Rd7 Rh5 31. Rbb7 Bxh4 32. Bxh4 Rxh4 33.
Rxd4 e6 34. Rd3 g5 35. Kg2 Rf4 36. Rbb3 Rc5 37. Rdc3 Rxc3 38. Rxc3 g4 39. fxg4
Rxg4+ 40. Kf3 h5 41. Rc5 Kh6 42. Rc8 e5 43. Rh8+ Kg5 44. Ke3 Kh4 45. Rh7 f6 46.
Rh6 Kg5 47. Rh8 Kg6 48. Kf3 Rg5 49. Rg8+ Kh7 50. Rb8 h4 51. Rb1 Kg6 52. Rb8 Kh7
53. Rb7+ Kh6 54. Rb8 Rg7 55. Rh8+ Kg5 56. Rf8 Rg6 57. Rh8 Rg7 58. Rf8 Rh7 59.
Rg8+ Kh5 60. Rb8 Kg6 61. Kg4 h3 62. Rb1 h2 63. Rh1 Rh8 64. Kg3 Kg5 65. f3 f5 66.
exf5 Kxf5 67. Rxh2 Rxh2 68. Kxh2 1/2-1/2

[Event "12th World Teams Women"]
[Site "Astana KAZ"]
[Date "2019.03.14"]
[Round "9.2"]
[Board "3"]
[White "Javakhishvili, Lela"]
[Black "Gunina, Valentina"]
[Result "1/2-1/2"]
[WhiteTitle "IM"]
[BlackTitle "GM"]
[WhiteElo "2455"]
[BlackElo "2515"]
[WhiteTeam "Georgia"]
[BlackTeam "Russia"]
[WhiteFideId "13601458"]
[BlackFideId "4167570"]
[EventDate "2019.03.05"]

1. Nf3 d5 2. d3 c6 3. Nbd2 Bg4 4. e4 e6 5. Be2 Nf6 6. O-O Be7 7. h3 Bh5 8. b3
O-O 9. Bb2 a5 10. a3 c5 11. exd5 exd5 12. d4 Nc6 13. dxc5 Bxc5 14. Nh4 Bxe2 15.
Qxe2 Re8 16. Qd3 Ne4 17. Nf5 Ne5 18. Bxe5 Rxe5 19. Nd4 Rc8 20. N2f3 Re8 21. Rfe1
Qf6 22. Re2 h5 23. c4 dxc4 24. bxc4 Bxd4 25. Qxd4 Qxd4 26. Nxd4 Rxc4 27. Nb3 Ra8
28. Rae1 Nf6 29. Re7 a4 30. Nd2 Rc2 31. Ne4 Nxe4 32. R1xe4 b5 33. Rf4 Rf8 34.
Rb7 Rb2 35. Rxa4 Rxf2 36. Rxb5 Ra2 37. Rxh5 Rd8 38. Kh2 g6 39. Rg5 Kg7 40. Ra7
Rd6 41. Rg4 Rf6 42. a4 Rff2 43. Rb7 Kh6 44. Rh4+ Kg7 45. Rg4 Kh6 46. Rb6 Rf1 47.
Rh4+ Kg7 48. Rg4 Kh6 49. Rc6 Raa1 50. Kg3 Ra3+ 51. Kh2 Raa1 52. Kg3 Ra3+ 53. Kh2
Raa1 54. Kg3 1/2-1/2

[Event "12th World Teams Women"]
[Site "Astana KAZ"]
[Date "2019.03.14"]
[Round "9.2"]
[Board "4"]
[White "Goryachkina, Aleksandra"]
[Black "Batsiashvili, Nino"]
[Result "1/2-1/2"]
[WhiteTitle "GM"]
[BlackTitle "GM"]
[WhiteElo "2504"]
[BlackElo "2454"]
[WhiteTeam "Russia"]
[BlackTeam "Georgia"]
[WhiteFideId "4147103"]
[BlackFideId "13602993"]
[EventDate "2019.03.05"]

1. d4 Nf6 2. c4 e6 3. g3 c5 4. d5 exd5 5. cxd5 d6 6. Nc3 g6 7. Nf3 Bg7 8. Bg2
O-O 9. O-O Re8 10. Bf4 Bf5 11. a4 Ne4 12. Nd2 Nxc3 13. bxc3 g5 14. e4 Bg6 15.
Be3 Nd7 16. f4 gxf4 17. gxf4 f5 18. Nc4 Qf6 19. e5 dxe5 20. fxe5 Nxe5 21. Nxe5
Qxe5 22. Bxc5 b6 23. Bd4 Qd6 24. a5 Be5 25. Bxe5 Qxe5 26. d6 Rad8 27. d7 Re7 28.
Qd5+ Qxd5 29. Bxd5+ Bf7 30. Bc6 Re6 31. Bb5 a6 32. axb6 Rxb6 33. Ba4 Be6 34.
Rab1 Rxb1 35. Rxb1 Kf7 36. Rb7 Ke7 37. Ra7 Bxd7 38. Kf2 Ke6 39. Rxa6+ Ke5 40.
Ra5+ Ke6 41. Ra6+ Ke5 42. Ra5+ Ke6 43. Ra6+ 1/2-1/2

[Event "12th World Teams Women"]
[Site "Astana KAZ"]
[Date "2019.03.14"]
[Round "9.3"]
[Board "3"]
[White "Gara, Ticia"]
[Black "Padmini, Rout"]
[Result "1/2-1/2"]
[WhiteTitle "WGM"]
[BlackTitle "IM"]
[WhiteElo "2324"]
[BlackElo "2332"]
[WhiteTeam "Hungary"]
[BlackTeam "India"]
[WhiteFideId "717444"]
[BlackFideId "5029295"]
[EventDate "2019.03.05"]

1. c4 e6 2. Nc3 d5 3. d4 Nf6 4. cxd5 exd5 5. Bg5 c6 6. e3 h6 7. Bh4 Bf5 8. Bd3
Bxd3 9. Qxd3 Nbd7 10. Nge2 Be7 11. O-O O-O 12. Rab1 Ne4 13. Bxe7 Qxe7 14. f3
Nxc3 15. bxc3 Rfe8 16. e4 dxe4 17. fxe4 Qxe4 18. Qxe4 Rxe4 19. Ng3 Re3 20. Rxb7
Nf6 21. Nf5 Rxc3 22. Nxh6+ gxh6 23. Rxf6 Rf8 24. Rxa7 Kg7 25. Rf4 Kg6 26. Kf2
Rb8 27. Re4 Rb4 28. Rd7 c5 29. Rd6+ f6 30. Ree6 Rb2+ 31. Re2 Rcc2 32. Rxc2 Rxc2+
33. Kf3 cxd4 34. a4 Rc3+ 35. Ke4 Rc2 36. Kf3 Rc3+ 37. Ke2 Rc2+ 38. Kf3 1/2-1/2

[Event "12th World Teams Women"]
[Site "Astana KAZ"]
[Date "2019.03.14"]
[Round "9.3"]
[Board "4"]
[White "Kulkarni, Bhakti"]
[Black "Havanecz, Bianka"]
[Result "1-0"]
[WhiteTitle "CM"]
[BlackTitle "WIM"]
[WhiteElo "2322"]
[BlackElo "2270"]
[WhiteTeam "India"]
[BlackTeam "Hungary"]
[WhiteFideId "5019516"]
[BlackFideId "704814"]
[EventDate "2019.03.05"]

1. d4 d5 2. c4 dxc4 3. Nf3 a6 4. e3 Bg4 5. Bxc4 e6 6. Nbd2 Nc6 7. Be2 Nf6 8. O-O
Bd6 9. Nc4 O-O 10. b3 Qe7 11. Bb2 Rad8 12. Rc1 Ne4 13. h3 Bh5 14. Nxd6 Qxd6 15.
Qc2 f5 16. Rfd1 Rc8 17. a3 Ne7 18. Ne5 Bxe2 19. Qxe2 Nd5 20. Qd3 c6 21. Rc2 Qe7
22. Bc1 Qh4 23. Nd7 Rfd8 24. Nc5 Nxc5 25. Rxc5 Rc7 26. Bd2 Rf7 27. f3 Rf6 28.
Qe2 Rg6 29. Kh1 Rf8 30. b4 Rff6 31. Be1 Qh6 32. Bf2 Qg5 33. g3 Rh6 34. h4 Rfg6
35. Rg1 f4 36. exf4 Nxf4 37. Qe3 Nd5 38. Qxg5 Rxg5 39. Be3 Rxg3 40. Bxh6 Rxg1+
41. Kxg1 gxh6 42. Rc2 Kf7 43. Kf2 h5 44. Re2 Nf4 45. Re4 Ng6 46. Kg3 Kf6 47. Kf2
Ne7 48. Ke2 Nf5 49. Kd3 Ke7 50. Re5 h6 51. Re4 Kd7 52. a4 Ke7 53. Rf4 Nd6 54. a5
Nf5 55. Rxf5 exf5 56. Kc4 Kd7 57. Kc5 f4 58. d5 cxd5 59. Kxd5 Kc7 60. Ke5 Kc6
61. Kxf4 Kb5 62. Ke5 Kxb4 63. f4 Kxa5 64. f5 b5 65. f6 b4 66. f7 b3 67. f8=Q Ka4
68. Kd4 b2 69. Qb8 a5 1-0

[Event "12th World Teams Women"]
[Site "Astana KAZ"]
[Date "2019.03.14"]
[Round "9.4"]
[Board "1"]
[White "Abdumalik, Zhansaya"]
[Black "Danielian, Elina"]
[Result "1-0"]
[WhiteTitle "IM"]
[BlackTitle "GM"]
[WhiteElo "2469"]
[BlackElo "2402"]
[WhiteTeam "Kazakhstan"]
[BlackTeam "Armenia"]
[WhiteFideId "13703544"]
[BlackFideId "13300210"]
[EventDate "2019.03.05"]

1. e4 e6 2. d4 d5 3. Nc3 Bb4 4. e5 b6 5. Qg4 Bf8 6. h4 h5 7. Qd1 Ba6 8. Nce2 Qd7
9. Nf3 c5 10. c3 Nc6 11. g3 cxd4 12. Nexd4 Bxf1 13. Kxf1 Bc5 14. Nxc6 Qxc6 15.
Kg2 Nh6 16. Bf4 Nf5 17. Rc1 Qb5 18. b3 Ba3 19. Rc2 Rc8 20. Bc1 Bxc1 21. Rxc1 g6
22. Ng5 Qa5 23. Qd3 Kf8 24. Rhd1 Kg7 25. c4 Rhd8 26. cxd5 Rxc1 27. Rxc1 Rxd5 28.
Qc3 Qb5 29. a4 Qd7 30. Qc7 Rd3 31. Qxd7 Rxd7 32. Rc3 Nh6 33. Ne4 Ng4 34. f4 Nh6
35. Kf2 Rd4 36. Nd6 Nf5 37. Ne8+ Kf8 38. Nf6 Kg7 39. Kf3 Rb4 40. Kf2 Nh6 41.
Ne8+ Kf8 42. Nd6 Kg7 43. Nb5 a6 44. Nc7 a5 45. Nb5 Nf5 46. Rd3 Kf8 47. Kf3 Ke7
48. Na7 f6 49. Nc6+ Kf7 50. Rd7+ Ke8 51. Rd8+ Kf7 52. Nxb4 axb4 53. Rb8 fxe5 54.
fxe5 Nd4+ 55. Ke4 Nxb3 56. Rxb6 Nc5+ 1-0